Hungarian terms borrowed from Latin - Statistics

General Stats
  • This quiz has been taken 49 times
  • The average score is 25 of 30
Answer Stats
Hint Answer % Correct
hipnózis hypnosis
100%
lámpás lantern
100%
fonetika phonetics
100%
cenzúra censorship
98%
kódex code
98%
korona crown
98%
cinikus cynical
98%
egzotikus exotic
98%
papiros paper
98%
főnix phoenix
98%
recesszió recession
98%
aktus act
95%
dedikáció dedication
95%
iskola school
95%
pestis plague
93%
himnusz anthem
90%
plágium plagiarism
90%
forma shape
90%
tábla chart
88%
kliens customer
85%
gusztus appetite
83%
kanális sewer
73%
kurta short
70%
ráció reason
68%
dekrétum decoration
63%
vacillál to hesitate
60%
apátia disinterest
45%
kuriózum rarity
43%
lakonikus concise
40%
akció initiative
40%
No matching quizzes found
Score Distribution
Percent of People with Each Score
Percentile by Number Answered
Your Score History
You have not taken this quiz